True or false Click - Statistics

General Stats
  • This quiz has been taken 69 times
  • The average score is 6 of 10
Answer Stats
Hint Answer % Correct
There is a province in the Netherlands called Friesland True
79%
There is a County in Colorado called Cheyenne True
73%
Seychelles is East of Comoros True
67%
Tropic of Cancer passes through Taiwan True
63%
The panhandle of Namibia is called Cubango False
56%
The Antipodal point of Suva, Fiji is in Mali True
56%
The Antipode of Punta Arenas, Chile is in Mongolia False
52%
Parts of Tunisia are called Federal Subjects False
50%
In Alphabetical order Next after Greece is Guatemala False
50%
Nebraska's Abbreviation is NB False
46%
No matching quizzes found
Score Distribution
Percent of People with Each Score
Percentile by Number Answered
Your Score History
You have not taken this quiz